000
00501nam a2200181Ia 4500
008
090124s9999 xx 000 0 und d
082
_b
122299
100
_a
बागूल चारुदत्त
245
_a
उध्वस्त
250
_a
1
260
_c
1987
300
_a
196
600
_a
बागूल चारुदत्त
630
_a
उध्वस्त
700
_a
बागूल चारुदत्त
730
_a
उध्वस्त
942
_c
BOOK
999
_c
168385
_d
168385